| 000 | 00382nam a22001337a 4500 | ||
|---|---|---|---|
| 020 | _a007336149X | ||
| 040 | _cNUST | ||
| 082 |
_a658.521 _bKHA |
||
| 100 |
_aKhalil Tarek M. _977050 |
||
| 245 |
_aManagement of Technology _bThe Key to Competitiveness and Wealth Creation |
||
| 260 |
_aNew York: _bMcGraw Hill; _c2000. |
||
| 650 |
_aManagement of Technology _9112372 |
||
| 942 |
_2ddc _cBK |
||
| 999 |
_c610546 _d610546 |
||